Dodávateľsko-odberateľské vzťahy v socialistickom priemysle

Gespeichert in:
Bibliographische Detailangaben
1. Verfasser: Horčiak, Jozef
Weitere Verfasser: Bariak, J.
Format: Buch
Sprache:Slowakisch
Veröffentlicht: Bratislava Alfa 1982
Schriftenreihe:Edícia ekonomickej literatúry
Tags: Tag hinzufügen
Keine Tags, Fügen Sie das erste Tag hinzu!

MARC

LEADER 00000nam a2200000 4500
001 c136561
005 20041019155307.5
041 0 |a slo 
044 |a SK 
245 1 0 |a Dodávateľsko-odberateľské vzťahy v socialistickom priemysle  |c Jozef Horčiak, J. Bariak 
264 1 |a Bratislava  |b Alfa  |c 1982 
300 |a 321 s. 
490 1 |a Edícia ekonomickej literatúry 
830 0 |a Edícia ekonomickej literatúry 
100 1 |a Horčiak, Jozef 
700 1 |a Bariak, J.